Statistics for Cities that beat London

Click here to take the quiz!

General Stats

  • This quiz has been taken 87 times
  • The average score is 10 of 13

Answer Stats

RankCategoryBeaten by% Correct
3Largest english-speaking cityNew York City / Los Angeles
96%
5Westernmost capital city in EuropeReykjavik / Lisbon / Dublin / Madrid
96%
2Northernmost megacityMoscow
93%
3Most Premier League titlesLiverpool / Manchester
91%
5Most Michelin starsTokyo / Osaka (including Kyoto) / Paris / New York City
91%
5Longest metro/subway system (by total length)Beijing / Shanghai / Guangzhou / Moscow
84%
5Most hotels (including hostels)Beijing / Rome / Shanghai / Paris
81%
3Tallest building in EuropeSaint Petersburg / Moscow
81%
3Most populous city in a monarchyTokyo / Bangkok
81%
5Largest football (soccer) stadiumPyongyang / Ahmedabad / Barcelona / Johannesburg
75%
2Most populous city in the BST time zoneLagos
71%
7Longest ring road*Beijing / Shenyang / Cairo / Delhi / Shanghai / Berlin
65%
4Tallest Ferris WheelLas Vegas / Singapore / Nanchang
43%

Score Distribution

Percentile by Number Answered

Percent of People with Each Score

Your Score History

You have not taken this quiz